000 02094nam a2200577 i 4500
001 31963
003 KOSZ 005
005 20220316083550.0
008 980702s1994 pl a f f |000 0 pol
015 _aUWD 1996/2322
035 _a991003915839705066
035 _a(PL-WaBN)b11043349-48omnis_nlop
035 _ab11043349
035 _a(OCoLC)830099418
035 _axx001577661
035 _a(PL)b0000001104334
035 _a(EXLNZ-48OMNIS_NETWORK)9910312644805606
040 _aWA N
_cWA N
_dKOSZ 005/HR
041 0 _apol
046 _k1994
080 _a621.1.01
080 _a536.08
080 _a(075.8)
245 0 0 _aMateriały pomocnicze do ćwiczeń laboratoryjnych z podstaw techniki cieplnej /
_cpod red. Mariana Czapp ; [aut.] M. Czapp [et al.].
250 _a[Wyd. 3 i. e. 4 zm.].
260 _aKoszalin :
_bWydawnictwo Uczelniane WSI,
_c1994.
300 _a340 s. :
_brys., wykr. ;
_c24 cm.
336 _aTekst
_btxt
_2rdacontent
337 _aBez urządzenia pośredniczącego
_bn
_2rdamedia
338 _aWolumin
_bnc
_2rdacarrier
380 _aKsiążki
380 _aPublikacje dydaktyczne
385 _mPoziom nauczania
_aSzkoły wyższe
388 _a1901-2000
388 _a1989-2000
490 1 _aSkrypty / Wyższa Szkoła Inżynierska w Koszalinie
504 _aBibliogr. s. 337-339, polskie normy s. 340.
521 _aDla kierunków studiów Mechanika, Wychowanie Techniczne, Inżynieria Środowiska i Elektronika.
650 7 _aCiepło
_2DBN
650 7 _aPaliwa
650 7 _aPomiary
650 7 _aTermodynamika techniczna
_2DBN
655 7 _aPodręczniki akademickie
_2DBN
658 _aInżynieria i technika
700 1 _aCzapp, Marian
_eAutor
_eRedakcja
710 2 _aWydawnictwo Uczelniane (Wyższa Szkoła Inżynierska ; Koszalin)
_4pbl
830 0 _aSkrypty - Wyższa Szkoła Inżynierska w Koszalinie
856 _uhttp://koha.tu.koszalin.pl/cgi-bin/koha/opac-detail.pl?biblionumber=31963
_yKatalog online BPK
942 _2UKD
_cKS
999 _c31963
_d31963